Модель электронного газа и теория обобщенных зарядов для описания межатомных сил и адсорбции

Bibliographische Detailangaben
1. Verfasser: Долгоносов А. М. Анатолий Михайлович
Körperschaft: Российская академия наук (РАН) Институт геохимии и аналитической химии (ГЕОХИ)
Zusammenfassung:В предлагаемой книге рассмотрены четыре ключевые темы атомной и молекулярной физики, квантовой и физической химии: описание атомного электронного газа и следующий из этого вывод основных свойств химических элементов; развитие теории межатомных взаимодействий для описания ковалентной связи и вандерваальсовских сил; неэмпирическое описание адсорбции сложных молекул на однородных поверхностях. В результате теоретического анализа экспериментальных данных обнаружены и описаны новые эффекты адсорбции, связанные с нарушением жесткости адсорбированной молекулы или с ограничением свободы движения кольцевых молекул выступами шероховатых адсорбентов. Точность априорных расчетов обеспечивает возможность демонстрации различий в адсорбции изотопозамещенных молекул. Несмотря на лаконичный стиль изложения материала, его объема достаточно для вывода всех представленных соотношений и закономерностей из исходных положений. При решении математических задач рассматривались только те приближения, которые приводили к аналитическому виду выражений. Для специалистов в области атомной и молекулярной физики, квантовой химии, физической химии, адсорбции и хроматографии, а также для специализирующихся в указанных областях аспирантов и студентов старших курсов университетов.
Sprache:Russisch
Veröffentlicht: Москва, URSS, 2009
Schlagworte:
Format: MixedMaterials Buch
KOHA link:https://koha.lib.tpu.ru/cgi-bin/koha/opac-detail.pl?biblionumber=157557

MARC

LEADER 00000nam0a2200000 4500
001 157557
005 20231101221955.0
010 |a 9785397004145 
021 |a RU  |b 09-6598  |9 09-379 
035 |a (RuTPU)RU\TPU\book\170899 
090 |a 157557 
100 |a 20090330d2009 km y0rusy5002 ca 
101 0 |a rus 
102 |a RU 
105 |a a z 001zy 
200 1 |a Модель электронного газа и теория обобщенных зарядов для описания межатомных сил и адсорбции  |f А. М. Долгоносов  |g Российская академия наук (РАН), Институт геохимии и аналитической химии (ГЕОХИ) 
210 |a Москва  |c URSS  |d 2009 
215 |a 173 с.  |c ил. 
320 |a Библиогр.: с. 168-170. 
330 |a В предлагаемой книге рассмотрены четыре ключевые темы атомной и молекулярной физики, квантовой и физической химии: описание атомного электронного газа и следующий из этого вывод основных свойств химических элементов; развитие теории межатомных взаимодействий для описания ковалентной связи и вандерваальсовских сил; неэмпирическое описание адсорбции сложных молекул на однородных поверхностях. В результате теоретического анализа экспериментальных данных обнаружены и описаны новые эффекты адсорбции, связанные с нарушением жесткости адсорбированной молекулы или с ограничением свободы движения кольцевых молекул выступами шероховатых адсорбентов. Точность априорных расчетов обеспечивает возможность демонстрации различий в адсорбции изотопозамещенных молекул. Несмотря на лаконичный стиль изложения материала, его объема достаточно для вывода всех представленных соотношений и закономерностей из исходных положений. При решении математических задач рассматривались только те приближения, которые приводили к аналитическому виду выражений. Для специалистов в области атомной и молекулярной физики, квантовой химии, физической химии, адсорбции и хроматографии, а также для специализирующихся в указанных областях аспирантов и студентов старших курсов университетов. 
606 1 |a Электронный газ  |2 stltpush  |3 (RuTPU)RU\TPU\subj\68226  |9 83679 
606 1 |a Хроматография адсорбционная  |2 stltpush  |3 (RuTPU)RU\TPU\subj\73829  |9 86586 
610 1 |a атомная физика 
610 1 |a межатомные силы 
610 1 |a адсорбция 
610 1 |a межатомные взаимодействия 
610 1 |a вандерваальсовая связь 
610 1 |a мономолекулярная физическая адсорбция 
610 1 |a молекулярная физика 
610 1 |a квантовая химия 
610 1 |a физическая химия 
675 |a 539.194  |v 3 
675 |a 543.544.1  |v 3 
700 1 |a Долгоносов  |b А. М.  |g Анатолий Михайлович  |4 070 
712 0 2 |a Российская академия наук (РАН)  |b Институт геохимии и аналитической химии (ГЕОХИ)  |c (Москва)  |2 stltpush  |3 (RuTPU)RU\TPU\col\192 
801 1 |a RU  |b 63413507  |c 20090409  |g PSBO 
801 2 |a RU  |b 63413507  |c 20150519  |g PSBO 
942 |c BK 
959 |a 48/20090409  |d 2  |e 200,00  |f АНЛ:1  |f ЧЗТЛ:1